Sejarah dan perkembangan Madrasah Al-Mashoor Al-Islamiah Pulau Pinang, 1916-1969 /
Saved in:
| Main Author: | |
|---|---|
| Format: | Thesis Book |
| Language: | Malay |
| Published: |
2013.
|
| Subjects: | |
| Tags: |
Add Tag
No Tags, Be the first to tag this record!
|
| LEADER | 01054cam a2200265 a 4500 | ||
|---|---|---|---|
| 001 | u875552 | ||
| 003 | SIRSI | ||
| 005 | 201303061313 | ||
| 008 | 130306s2013 my a t 000 0 may m | ||
| 040 | |a UMM | ||
| 043 | |a a-my-pp | ||
| 090 | |a D7 |b UM 2013 Ahmdm | ||
| 100 | 0 | |a Ahmad Dzulfahmi Muhamad. | |
| 245 | 1 | 0 | |a Sejarah dan perkembangan Madrasah Al-Mashoor Al-Islamiah Pulau Pinang, 1916-1969 / |c Ahmad Dzulfahmi bin Muhamad. |
| 260 | |a 2013. | ||
| 300 | |a x, 185 leaves : |b ill. ; |c 30 cm. | ||
| 502 | |a Dissertation (M.A. (Msian.Hist.)) -- Jabatan Sejarah, Fakulti Sastera dan Sains Sosial, Universiti Malaya, 2013. | ||
| 504 | |a Bibliography: leaves 162-171. | ||
| 650 | 0 | |a Islamic education |z Pulau Pinang |x History. | |
| 650 | 0 | |a Islamic religious education |z Pulau Pinang |x History. | |
| 650 | 0 | |a Madrasahs |z Pulau Pinang |x History |y 20th century. | |
| 710 | 2 | |a Universiti Malaya. |b Jabatan Sejarah. | |
| 900 | |a AT-ZA | ||
| 596 | |a 1 | ||
| 999 | |a D7 UM 2013 AHMDM |w LC |c 1 |i A515374201 |d 12/3/2020 |e 12/3/2020 |f 3/7/2013 |g 1 |l STACKS |m P01UTAMA |n 13 |r Y |s Y |t TESIS |u 2/7/2013 | ||
